Heidi

Bibliographic Details
Main Author: Spyri, Johanna
Format: Book
Published: s.l. : Fabbri Publishing Ltd , 1992
Series:The classic adventures series
Subjects:

MARC

LEADER 00000cam a2200000 7i4500
001 0000008287
002 000009037
005 20080401.0
020 |a 1855873060 
090 0 0 |a JF   |b SPY 
100 1 |a Spyri, Johanna 
245 1 0 |a Heidi   |c Johanna Spyri 
260 |a s.l. :   |b Fabbri Publishing Ltd ,   |c 1992 
300 |a 190p. ;   |c 17cm. 
490 0 |a The classic adventures series 
650 0 0 |a Adventure stories 
999 |a 049059   |b BUKU   |c PINJAMAN   |e PERPUSTAKAAN KOMUNITI PETALING JAYA 
999 |a 053578   |b BUKU   |c PINJAMAN   |e PERPUSTAKAAN KOMUNITI PETALING JAYA 
999 |a 053579   |b BUKU   |c PINJAMAN   |e PERPUSTAKAAN KOMUNITI PETALING JAYA